| 000 | 00380 a2200145 4500 | ||
|---|---|---|---|
| 020 | _a969519124X | ||
| 082 | _a297.1226 | ||
| 090 |
_c6027 _d6027 |
||
| 100 | _aIzutsu,Toshihiko. | ||
| 245 |
_aEthico-Religious Concept in the QUR'AN. _cToshihiko Izutsu. |
||
| 260 |
_aLahore. _bSuhail Academy. _c2005. |
||
| 300 | _a332p. | ||
| 500 | _aHardcover. | ||
| 942 |
_aNBS _cBK _k297.1226 IZU |
||
| 999 |
_c348416 _d348416 |
||